| 000 | 00397cam a2200181 4500 | ||
|---|---|---|---|
| 001 | D14040 | ||
| 008 | 090401t1932 xxu||||| |||| 00| 0 eng d | ||
| 035 | _a(Sirsi) u13105 | ||
| 041 | _aeng | ||
| 100 | _aThomas, W.Norman | ||
| 245 | _aSurveying | ||
| 250 | _a3rd | ||
| 260 |
_aLondon _bEdward Arnold and Co _c1932 |
||
| 350 | _a0 | ||
| 520 | _aShelf 136 | ||
| 942 | _n0 | ||
| 948 | _c04/03/1997 | ||
| 999 |
_c87057 _d87057 |
||